000 00703cam a2200229 a 4500
001 000009436
005 20200929161608.0
008 820908s1981 cl 000 f spa
035 _a(DLC) 66050982
040 _aDO-SdBNP
_bspa
_cCarP
_dBNPHU
082 _aPe863.4
_bB276g
100 1 _aBarrios, Eduardo,
_d1884-1963.
_924232
245 1 0 _aGran señor y rajadiablos :
_btextos completo /
_cEduardo Barrios.
260 _aSantiago, (Chile) :
_bAndrés Bello,
_c1981.
300 _a383 p. ;
_c19 cm.
490 1 _aAndrés
_v25
650 4 _aNovela peruana
_912569
650 4 _aLiteratura peruana
_ySIGLO XX
_914789
830 0 _aAndrés ;
_v25
_924233
910 _aCatalogación derivada
049 _aBNGR
999 _c9196
_d9196